|
|
|
|
| LEADER |
00894nam a2200241 u 4500 |
| 001 |
10016661 |
| 003 |
GR-PaULI |
| 005 |
20210117205013.0 |
| 008 |
881025s1997 eng |
| 020 |
|
|
|a 3540616519
|
| 040 |
|
|
|a GR-PaULI
|c GR-PaULI
|b gre
|e AACR2
|
| 082 |
0 |
4 |
|a 620.106 076
|2 23
|
| 100 |
1 |
|
|a Spurk, Joseph H.
|9 138091
|e συγγραφέας.
|
| 245 |
1 |
0 |
|a Fluid mechanics /
|c Joseph H. Spurk
|
| 260 |
|
|
|a Berlin :
|b Springer,
|c 1997.
|
| 300 |
|
|
|a xii, 513 σ. :
|b εικ. ;
|c 24 εκ.
|
| 500 |
|
|
|a
|
| 505 |
1 |
|
|a Περιλαμβάνει βιβλιογραφία και ευρετήριο.
|
| 650 |
|
4 |
|a Ρευστομηχανική
|9 1308
|
| 942 |
|
|
|2 ddc
|c BK15
|
| 952 |
|
|
|0 0
|1 0
|2 ddc
|4 0
|6 620_106000000000000_076_SPU
|7 0
|9 165653
|a LISP
|b LISP
|c BSC
|d 2016-04-24
|i 33004
|l 0
|o 620.106 076 SPU
|p 025000055640
|r 2016-04-24 00:00:00
|t 1
|y BK15
|
| 998 |
|
|
|c ΜΠΟΥΡΑΣ
|d 2018-06
|
| 999 |
|
|
|c 103819
|d 103819
|